01161nam a22002297a 4500001000700000003002700007005001700034008004100051020001800092040004200110050002200152100002900174245006700203260007400270300003900344520025300383650008100636700009800717942001500815999001900830952008200849568794Konya_Okul_Kütüphaneleri20250528175134.0250528b |||||||| |||| 00| 0 eng d a9786059492560 bturcBoğaziçi ÜniversitesieRDA aDR721 .D3819 2018 aDatcheff, Peter. Author. aBilinmeyen İstanbul : bir Bulgar seyyahın gözüyle TEST aİstanbul Büyükşehir Belediyesi Kültür A.Ş. Yayınları. a159 pages : illustrations ; 21 cm. a19.yüzyılda ister diplomatik bir görevle, ister kendi hesabına doğuya seyahat eden gezginler bize, batılıların zihniyetini yansıtan ve dönemin birçok bakımdan anlaşılmasını sağlayan önemli malzemeler bırakmışlardır.  2İstanbul (Turkey) a History. İstanbul (TurkeyvDescription and travel. aMevsim, Hüseyin. Translator. Kaptaner, Kemal. Publishing director. Dalgalı, Fatih. Editor. 2lcccBKn0 c568794d568794 00102ddc4070aGMNbGMNd2025-05-28l0r2025-05-28 16:54:55w2025-05-28yBK